000 00656nam a2200181 a 4500
003 0
005 20250208114301.0
008 130123s19uu xx 00 eng d
050 _aPHS QA 20.C65
_b.S556 2012
100 _aShin, Joong Won.
245 _aComputer aided instruction and achievement in Mathematics /
_cShin, Joong Won.
260 _aLas PiƱas City, Philippines :
_bSouthville International School and Colleges,
_c2012.
300 _a73 pages :
_billustrations ;
_c28 cm.
504 _aIncludes bibliographical references.
650 _aComputer assisted instruction
_xInfluence
650 _aAcademic achievement
_xAnalysis
942 _2lcc
_cPASS
999 _c98839
_d98839